Managing diversity : Expert solutions to everyday challenges

Saved in:
Bibliographic Details
Format: Sách
Language:Undetermined
Published:  Harvard Business Press  2009
Subjects:
Tags: Add Tag
No Tags, Be the first to tag this record!
Institutions: Trung tâm Thư viện - Trường Đại học Công nghiệp TP. Hồ Chí Minh
LEADER 00463nam a2200133Ia 4500
001 UIH_03785
008 231011s9999 xx 000 0 und d
082 |a  658.3008 
245 0 |a  Managing diversity : Expert solutions to everyday challenges 
260 |b  Harvard Business Press 
260 |c  2009 
650 |a  Quản lý nhân sự; Managing;  
927 |a Sách 
980 |a Trung tâm Thư viện - Trường Đại học Công nghiệp TP. Hồ Chí Minh